[Event "XXXIII Memorial Edoardo Crespi B"]
[Site "Milano ITA"]
[Date "2012.12.06"]
[Round "2"]
[White "Gonella, Graziano"]
[Black "Cerutti, Fabio Maria"]
[WhiteElo "1202"]
[BlackElo "1686"]
[Result "0-1"]
[PlyCount "72"]
[EventDate "2012.12.05"]

1. e4 c5 2. Nf3 d6 3. d4 cxd4 4. Nxd4 Nf6 5. Nc3 g6 6. Bc4 Bg7 7. Be3 O-O 8.
Qd2 Ng4 9. Bg5 Nc6 10. Nf3 Qb6 11. Na4 Qb4 12. Bb3 Qxe4+ 13. Be3 Nxe3 14. fxe3
Bh6 15. Kf2 Be6 16. Nc3 Qf5 17. Rae1 Ne5 18. h3 Nc4 19. Bxc4 Bxc4 20. b3 Ba6
21. Nd5 Rfe8 22. Nc7 Rec8 23. Nxa8 Rxc2 24. Rd1 Rxd2+ 25. Rxd2 Qc8 26. Rc2
Qxc2+ 27. Kg3 Bxe3 28. Re1 Qf2+ 29. Kh2 Be2 30. Rxe2 Qxe2 31. Ng1 Bf4+ 32. Kh1
Qe1 33. Nc7 Be3 34. Kh2 Bxg1+ 35. Kh1 Bf2+ 36. Kh2 Bg3# 0-1

[Event "XXXIII Memorial Edoardo Crespi B"]
[Site "Milano ITA"]
[Date "2012.12.06"]
[Round "2"]
[White "Grudina, Marco"]
[Black "Viotti, Alberto"]
[WhiteElo "1796"]
[BlackElo "1588"]
[Result "1-0"]
[PlyCount "91"]
[EventDate "2012.12.05"]

1. e4 c6 2. d4 d5 3. Nc3 dxe4 4. Nxe4 Bf5 5. Ng3 Bg6 6. h4 h6 7. Nf3 Nd7 8. h5
Bh7 9. Bd3 Bxd3 10. Qxd3 e6 11. Bf4 Qa5+ 12. Bd2 Qc7 13. O-O-O O-O-O 14. Ne4
Ngf6 15. g3 Nxe4 16. Qxe4 Nf6 17. Qe2 Bd6 18. c4 c5 19. Bc3 Rhe8 20. dxc5 Bxc5
21. b4 Bd6 22. Kb2 Qb6 23. a3 a5 24. Kb3 axb4 25. axb4 Bc5 26. Ne5 Re7 27. Ra1
Bxf2 28. b5 Qe3 29. Qxe3 Bxe3 30. Ra8+ Kc7 31. Ba5+ b6 32. Rxd8 bxa5 33. Rf8
Kb6 34. Rxf7 Rxf7 35. Nxf7 Ne4 36. Re1 Nc5+ 37. Kc2 Bf2 38. Re2 Bxg3 39. Rg2
Ne4 40. Nd8 Bh4 41. Nxe6 Nd6 42. Rg4 Nf5 43. Kd3 a4 44. Nxg7 Nxg7 45. Rxg7 Bg5
46. Rxg5 1-0

[Event "XXXIII Memorial Edoardo Crespi B"]
[Site "Milano ITA"]
[Date "2012.12.06"]
[Round "2"]
[White "Izzo, Riccardo"]
[Black "Olivo, Mario"]
[WhiteElo "1653"]
[BlackElo "1798"]
[Result "1-0"]
[PlyCount "78"]
[EventDate "2012.12.05"]

1. d4 Nf6 2. c4 e6 3. Nc3 Bb4 4. a3 Bxc3+ 5. bxc3 c5 6. Bg5 h6 7. Bf4 cxd4 8.
cxd4 d6 9. Qa4+ Qd7 10. Qxd7+ Kxd7 11. e3 b6 12. Rc1 g5 13. Bg3 Ne4 14. Bd3
Nxg3 15. hxg3 Bb7 16. f3 Nc6 17. Ne2 Ne7 18. O-O f5 19. c5 dxc5 20. dxc5 bxc5
21. Rxc5 a6 22. Rd1 Ke8 23. Bc4 Bd5 24. Bxd5 exd5 25. Nc3 Kf7 26. Nxd5 Rhd8 27.
Rc7 Re8 28. Nxe7 Rxe7 29. Rdd7 Rxd7 30. Rxd7+ Kg6 31. Rd6+ Kg7 32. Kf2 a5 33.
Rd5 Kf6 34. a4 Ke6 35. Rb5 Ra6 36. Ke2 h5 37. g4 fxg4 38. Rxg5 gxf3+ 39. gxf3
h4 1-0

[Event "XXXIII Memorial Edoardo Crespi B"]
[Site "Milano ITA"]
[Date "2012.12.06"]
[Round "2"]
[White "Lamperti, Gianloris"]
[Black "Macri', Vincenzo Roberto"]
[WhiteElo "1679"]
[BlackElo "1538"]
[Result "1-0"]
[PlyCount "50"]
[EventDate "2012.12.05"]

1. d4 e5 2. dxe5 Nc6 3. Bf4 Qe7 4. Nf3 Qb4+ 5. Bd2 Qxb2 6. Nc3 Nb4 7. Nd4 c5 8.
Rb1 Qa3 9. Ndb5 Qa5 10. a3 a6 11. axb4 cxb4 12. Ra1 Qd8 13. Nd5 axb5 14. Rxa8
Bc5 15. e4 d6 16. Bxb5+ Kf8 17. Bxb4 Bxf2+ 18. Kxf2 g6 19. Bxd6+ Kg7 20. Qd4
Nh6 21. Rf1 Qh4+ 22. Kg1 Qg5 23. Be7 Qg4 24. Bf6+ Kg8 25. Rxc8+ Qxc8 1-0

[Event "XXXIII Memorial Edoardo Crespi B"]
[Site "Milano ITA"]
[Date "2012.12.06"]
[Round "2"]
[White "Lavorgna, Filippo"]
[Black "Ricciardi, Arcangelo"]
[WhiteElo "1452"]
[BlackElo "1691"]
[Result "0-1"]
[PlyCount "46"]
[EventDate "2012.12.05"]

1. d4 d5 2. c4 e6 3. Nc3 Bb4 4. a3 Bxc3+ 5. bxc3 dxc4 6. e4 b5 7. a4 Bb7 8.
axb5 Bxe4 9. f3 Bd5 10. Qa4 Nd7 11. Ba3 Ne7 12. Ne2 O-O 13. Nf4 Nb6 14. Qb4 Nf5
15. Nxd5 exd5 16. g3 Qe8+ 17. Be2 Qe6 18. Qb1 Rfe8 19. Qc2 Ne3 20. Qd2 Qf5 21.
Kf2 Re6 22. Ra2 Rae8 23. Re1 Qh3 0-1

[Event "XXXIII Memorial Edoardo Crespi B"]
[Site "Milano ITA"]
[Date "2012.12.06"]
[Round "2"]
[White "Libutti, Michele"]
[Black "Conta, Diego"]
[WhiteElo "1736"]
[BlackElo "1656"]
[Result "0-1"]
[PlyCount "82"]
[EventDate "2012.12.05"]

1. d4 Nf6 2. c4 g6 3. Nc3 d5 4. e3 Bg7 5. Nf3 O-O 6. Be2 dxc4 7. Bxc4 c5 8. O-O
cxd4 9. exd4 Bg4 10. Be3 Nc6 11. Be2 Nd5 12. h3 Nxe3 13. fxe3 Bd7 14. e4 e5 15.
d5 Qb6+ 16. Kh1 Nd4 17. Qd2 Nxe2 18. Qxe2 a6 19. Qf2 Qd6 20. Qd2 b5 21. a3 a5
22. Na2 f5 23. exf5 Bxf5 24. Nh4 Bd7 25. Nc3 Bc6 26. Rfd1 Rad8 27. b4 axb4 28.
axb4 Qxb4 29. Nf3 e4 30. Rab1 Qxc3 31. Qxc3 Bxc3 32. dxc6 exf3 33. gxf3 Rxd1+
34. Rxd1 Rc8 35. Rd6 b4 36. Kg2 b3 37. Rd1 Rxc6 38. Rd8+ Kg7 39. Kf2 b2 40. Rb8
Ra6 41. Ke2 Ra8 0-1

[Event "XXXIII Memorial Edoardo Crespi B"]
[Site "Milano ITA"]
[Date "2012.12.06"]
[Round "2"]
[White "Marinescu, Gheorge"]
[Black "Baccarin, Stefano"]
[WhiteElo "1618"]
[BlackElo "1701"]
[Result "0-1"]
[PlyCount "74"]
[EventDate "2012.12.05"]

1. Nf3 Nf6 2. d4 g6 3. c4 Bg7 4. Nc3 O-O 5. e4 d6 6. h3 e5 7. d5 Nbd7 8. Bg5 h6
9. Be3 a5 10. Qd2 Kh7 11. g4 Ng8 12. O-O-O b6 13. Bd3 Nc5 14. Bc2 Bd7 15. Rdg1
a4 16. h4 f6 17. g5 h5 18. gxf6 Qxf6 19. Ng5+ Kh8 20. Ne2 a3 21. b3 c6 22. Rg3
cxd5 23. exd5 Ne7 24. Rhg1 Nf5 25. Ne6 Nxg3 26. Rxg3 Bxe6 27. Rxg6 Nxb3+ 28.
axb3 a2 29. Rxf6 a1=Q+ 30. Bb1 Rxf6 31. dxe6 Rxe6 32. Qd3 e4 33. Qd5 Qb2+ 34.
Kd1 Qxb1+ 35. Nc1 Ra1 36. Qxh5+ Kg8 37. Qd5 Qxb3+ 0-1

[Event "XXXIII Memorial Edoardo Crespi B"]
[Site "Milano ITA"]
[Date "2012.12.06"]
[Round "2"]
[White "Mingolla, Patrizio"]
[Black "Spelta, Andrea"]
[WhiteElo "1654"]
[BlackElo "1744"]
[Result "1/2-1/2"]
[PlyCount "104"]
[EventDate "2012.12.05"]

1. e4 b6 2. Nf3 Bb7 3. d3 e6 4. g3 Ne7 5. Bg2 g6 6. Nc3 Bg7 7. Bd2 d6 8. Qc1 h6
9. O-O Nd7 10. Rb1 a6 11. Re1 c5 12. b3 Nc6 13. Ne2 b5 14. Bc3 Bxc3 15. Nxc3 b4
16. Ne2 e5 17. Nh4 Qc7 18. Bh3 Na7 19. c3 a5 20. Qd2 Nb5 21. Rbc1 O-O-O 22. Qe3
Kb8 23. Ng2 g5 24. Bf5 Rdg8 25. f3 Nb6 26. Red1 Bc8 27. Bxc8 Nxc8 28. cxb4 axb4
29. Qf2 Nd4 30. Ne3 Qa7 31. Nxd4 exd4 32. Nd5 Ne7 33. Nxe7 Qxe7 34. f4 f6 35.
Re1 Re8 36. Rc2 Rhf8 37. Rce2 Qb7 38. f5 Qb5 39. Qf3 Kc7 40. Rc1 Ra8 41. Rc4
Kb6 42. Kg2 Qe8 43. g4 Rh8 44. Qg3 Qe5 45. Qxe5 dxe5 46. Kg3 Ra7 47. h3 h5 48.
Rcc2 hxg4 49. hxg4 Rah7 50. Rh2 Rxh2 51. Rxh2 Rxh2 52. Kxh2 Ka5 1/2-1/2

[Event "XXXIII Memorial Edoardo Crespi B"]
[Site "Milano ITA"]
[Date "2012.12.06"]
[Round "2"]
[White "Pandini, Giuseppe"]
[Black "Vece, Luigi"]
[WhiteElo "1762"]
[BlackElo "1674"]
[Result "1-0"]
[PlyCount "85"]
[EventDate "2012.12.05"]

1. f4 d5 2. Nf3 c5 3. e3 Nf6 4. b3 Nc6 5. Bb2 Bf5 6. Bb5 e6 7. Ne5 Rc8 8. O-O
a6 9. Nxc6 Rxc6 10. Bxc6+ bxc6 11. Nc3 Be7 12. Ne2 O-O 13. Ng3 d4 14. Nxf5 exf5
15. Qf3 Qd7 16. Rad1 Re8 17. Rfe1 Bd8 18. Qf1 Qa7 19. Qd3 Re4 20. g3 Bb6 21.
Kg2 h6 22. c3 dxc3 23. dxc3 Qd7 24. c4 Qe7 25. h3 Ba5 26. Bc3 Bxc3 27. Qxc3 g5
28. fxg5 hxg5 29. Qd2 Qe5 30. Qf2 Nh5 31. Rd3 f4 32. exf4 gxf4 33. Rxe4 Qxe4+
34. Qf3 Qe5 35. g4 Ng3 36. Rd2 Ne4 37. Re2 f5 38. gxf5 Qg7+ 39. Qg4 Ng5 40. h4
f3+ 41. Kf2 Nh3+ 42. Kxf3 Ng1+ 43. Qxg1 1-0

[Event "XXXIII Memorial Edoardo Crespi B"]
[Site "Milano ITA"]
[Date "2012.12.06"]
[Round "2"]
[White "Paulovich, Adriano"]
[Black "Fantina, Carla"]
[WhiteElo "1690"]
[BlackElo "1451"]
[Result "1-0"]
[PlyCount "65"]
[EventDate "2012.12.05"]

1. e4 d6 2. d4 Nf6 3. Nc3 g6 4. f4 Bg7 5. Nf3 O-O 6. Be2 c6 7. O-O Nbd7 8. e5
dxe5 9. dxe5 Qb6+ 10. Kh1 Ne8 11. Na4 Qa5 12. c3 b5 13. b4 Qc7 14. Nb2 Nb6 15.
a4 bxa4 16. Nxa4 Nxa4 17. Rxa4 a5 18. Be3 Bb7 19. Qa1 f6 20. Nd4 Qb8 21. Bc4+
Kh8 22. Ne6 Nc7 23. Nxf8 Qxf8 24. bxa5 Nd5 25. Bxd5 cxd5 26. a6 Bc6 27. Rb4 Qc8
28. a7 fxe5 29. Rbb1 Qf5 30. Rb8+ Bf8 31. fxe5 Qf7 32. e6 Qg7 33. Bd4 1-0

[Event "XXXIII Memorial Edoardo Crespi B"]
[Site "Milano ITA"]
[Date "2012.12.06"]
[Round "2"]
[White "Picasso, Marco Francesco"]
[Black "Nordio, Giorgio"]
[WhiteElo "1520"]
[BlackElo "1626"]
[Result "0-1"]
[PlyCount "52"]
[EventDate "2012.12.05"]

1. d4 c6 2. Bf4 d5 3. e3 Bf5 4. Nd2 e6 5. Ngf3 Nf6 6. c4 Nbd7 7. Be2 c5 8. Nb3
Rc8 9. Rc1 Be7 10. O-O O-O 11. Ne5 Qb6 12. Bd3 Bxd3 13. Qxd3 Qa6 14. a3 cxd4
15. exd4 Nxe5 16. Bxe5 dxc4 17. Qc3 Nd5 18. Qg3 f6 19. Nc5 Bxc5 20. dxc5 fxe5
21. Qxe5 Rxc5 22. b4 Rcc8 23. b5 Qb6 24. a4 Rf5 25. Qe2 Nf4 26. Qa2 c3 0-1

[Event "XXXIII Memorial Edoardo Crespi B"]
[Site "Milano ITA"]
[Date "2012.12.06"]
[Round "2"]
[White "Pioggia, Massimiliano"]
[Black "Rosini, Luca Ungaro"]
[WhiteElo "1622"]
[BlackElo "1392"]
[Result "0-1"]
[PlyCount "48"]
[EventDate "2012.12.05"]

1. d4 Nf6 2. c4 d6 3. Nc3 g6 4. e4 Bg7 5. Be2 Nbd7 6. Be3 O-O 7. Nf3 Ng4 8. Bg5
c5 9. Nb5 Qa5+ 10. Bd2 Qb6 11. Bc3 a6 12. Na3 cxd4 13. Bxd4 Qb4+ 14. Kf1 e5 15.
Nc2 Qa5 16. h3 Ngf6 17. Bc3 Qb6 18. Bd3 Nc5 19. Qe2 Qc6 20. Nb4 Qc7 21. Rc1 Qe7
22. Bc2 Bd7 23. Nd5 Nxd5 24. cxd5 Bb5 0-1

[Event "XXXIII Memorial Edoardo Crespi B"]
[Site "Milano ITA"]
[Date "2012.12.06"]
[Round "2"]
[White "Piras, Yari"]
[Black "Ricci, Leonardo"]
[WhiteElo "1700"]
[BlackElo "1540"]
[Result "1/2-1/2"]
[PlyCount "57"]
[EventDate "2012.12.05"]

1. g3 e5 2. Bg2 d5 3. d3 Nf6 4. Nf3 Nc6 5. O-O Bc5 6. Bg5 h6 7. Bxf6 Qxf6 8.
Nc3 Be6 9. Nd2 O-O-O 10. e4 d4 11. Nd5 Qg6 12. f4 exf4 13. Nxf4 Qg5 14. Nf3 Qe7
15. Nxe6 fxe6 16. Qe2 Kb8 17. Nh4 Ne5 18. Qh5 g5 19. Ng6 Nxg6 20. Qxg6 Rdg8 21.
Qf6 Rf8 22. Qxe7 Bxe7 23. Bh3 e5 24. Rf5 Bd6 25. Raf1 c5 26. Rf7 Rxf7 27. Rxf7
Rf8 28. Rxf8+ Bxf8 29. Be6 1/2-1/2

[Event "XXXIII Memorial Edoardo Crespi B"]
[Site "Milano ITA"]
[Date "2012.12.06"]
[Round "2"]
[White "Podetti, Davide"]
[Black "Bertora, Silvano"]
[WhiteElo "1712"]
[BlackElo "1618"]
[Result "1-0"]
[PlyCount "78"]
[EventDate "2012.12.05"]

1. e4 d6 2. d4 Nf6 3. Nc3 Nc6 4. Be3 g6 5. Qd2 Ng4 6. f3 Nxe3 7. Qxe3 Bg7 8.
O-O-O e6 9. g4 Qe7 10. d5 Na5 11. h4 Bd7 12. Nh3 h6 13. Nf2 b6 14. Be2 Nb7 15.
Nb5 Bc8 16. Nd4 Bxd4 17. Qxd4 e5 18. Qe3 a5 19. g5 h5 20. f4 exf4 21. Qxf4 Nc5
22. Bb5+ Bd7 23. Bxd7+ Nxd7 24. Nd3 Ne5 25. Rhf1 Nxd3+ 26. Rxd3 O-O 27. Re3
Rae8 28. c4 Qd7 29. Qf2 Re5 30. Qg2 Kg7 31. Rg3 c5 32. Rf4 b5 33. cxb5 Qxb5 34.
Qc2 Qb4 35. Qc3 Qa4 36. a3 Rb8 37. Re3 c4 38. Ref3 Rb7 39. Rf6 Rb3 1-0

[Event "XXXIII Memorial Edoardo Crespi B"]
[Site "Milano ITA"]
[Date "2012.12.06"]
[Round "2"]
[White "Poletto, Daniele"]
[Black "Versari, Marino"]
[WhiteElo "1726"]
[BlackElo "1583"]
[Result "1-0"]
[PlyCount "59"]
[EventDate "2012.12.05"]

1. c4 e5 2. Nc3 Nf6 3. g3 Nc6 4. Bg2 d6 5. d3 Rb8 6. e4 g6 7. Nge2 Bg7 8. O-O
O-O 9. h3 Be6 10. Be3 a6 11. f4 exf4 12. Nxf4 Bd7 13. Qd2 Ne5 14. Ncd5 Nxd5 15.
cxd5 b5 16. Rac1 Rc8 17. b3 c5 18. dxc6 Nxc6 19. Nd5 Nd4 20. Kh2 Rxc1 21. Rxc1
Be5 22. Qf2 f5 23. Bxd4 fxe4 24. Qe3 Bxd4 25. Qxd4 exd3 26. Qxd3 Bf5 27. Qd2 a5
28. Re1 Rf7 29. Nf4 b4 30. Be4 1-0

[Event "XXXIII Memorial Edoardo Crespi B"]
[Site "Milano ITA"]
[Date "2012.12.06"]
[Round "2"]
[White "Pollio, Ciro"]
[Black "Prevedello, Daniele"]
[WhiteElo "1714"]
[BlackElo "1495"]
[Result "1/2-1/2"]
[PlyCount "38"]
[EventDate "2012.12.05"]

1. d4 d5 2. c4 c6 3. Nc3 Nf6 4. Nf3 e6 5. Qc2 Bd6 6. g4 Nxg4 7. Rg1 Nxh2 8.
Nxh2 Bxh2 9. Rxg7 Qf6 10. Rxh7 Qxd4 11. Rxh8+ Qxh8 12. cxd5 exd5 13. Nxd5 Be6
14. Nf4 Bxf4 15. Bxf4 Nd7 16. O-O-O Bxa2 17. Bg2 Qf6 18. Be3 Qe6 19. Rd4 O-O-O
1/2-1/2

[Event "XXXIII Memorial Edoardo Crespi B"]
[Site "Milano ITA"]
[Date "2012.12.06"]
[Round "2"]
[White "Ragoso, Mario"]
[Black "Mariucci, Felice"]
[WhiteElo "1656"]
[BlackElo "1711"]
[Result "1/2-1/2"]
[PlyCount "102"]
[EventDate "2012.12.05"]

1. e4 d6 2. d4 Nf6 3. Bd3 g6 4. Nf3 Bg7 5. h3 c6 6. Bf4 Nbd7 7. Nbd2 Qb6 8. Nc4
Qc7 9. a4 b5 10. axb5 cxb5 11. Na5 Rb8 12. Qe2 a6 13. e5 dxe5 14. Nxe5 Nxe5 15.
Bxe5 Qb6 16. Bxb8 Qxb8 17. O-O Be6 18. Nb3 Bxb3 19. cxb3 Qb7 20. Rfe1 e6 21.
Be4 Nxe4 22. Qxe4 Qc8 23. Rac1 Qd7 24. Qc6 Bxd4 25. Qxa6 O-O 26. Red1 e5 27. b4
Qf5 28. Rd2 Rb8 29. Rdc2 Kg7 30. Qd6 Rb6 31. Qd5 Rf6 32. Qxb5 Bxf2+ 33. Kh1 Be3
34. Qe2 Bxc1 35. Rxc1 Qf4 36. Rc4 Qf2 37. Re4 Qxe2 38. Rxe2 Re6 39. Re3 f5 40.
b5 e4 41. Kg1 f4 42. Rb3 Rb6 43. Rb4 g5 44. Rxe4 Rxb5 45. b4 Kf6 46. Kf2 h5 47.
Ke2 Kf5 48. Re8 Rxb4 49. Rf8+ Kg6 50. Kf3 Rb3+ 51. Kf2 Rg3 1/2-1/2

[Event "XXXIII Memorial Edoardo Crespi B"]
[Site "Milano ITA"]
[Date "2012.12.06"]
[Round "2"]
[White "Resta, Andrea"]
[Black "Giordano, Giovanni"]
[WhiteElo "1688"]
[BlackElo "1437"]
[Result "0-1"]
[PlyCount "168"]
[EventDate "2012.12.05"]

1. d4 Nf6 2. c4 e6 3. Nf3 d5 4. e3 Bb4+ 5. Bd2 Bxd2+ 6. Nbxd2 Nc6 7. Rc1 Ne4 8.
Nxe4 dxe4 9. Nd2 f5 10. Qh5+ g6 11. Qh6 Qf6 12. Be2 Bd7 13. O-O Nb4 14. a3 Nc6
15. b4 a6 16. f3 exf3 17. Nxf3 Ne7 18. Qf4 Rc8 19. Ne5 Bc6 20. Nxc6 bxc6 21.
Rcd1 O-O 22. e4 g5 23. Qe3 f4 24. Qb3 Rcd8 25. e5 Qf5 26. Qa4 Qe4 27. Rfe1 Qe3+
28. Kh1 Rxd4 29. Bd3 Qf2 30. Re2 Qh4 31. Bxh7+ Qxh7 32. Rxd4 g4 33. Qc2 Qh5 34.
Ree4 Nf5 35. Rxf4 Nxd4 36. Rxf8+ Kxf8 37. Qf2+ Nf5 38. Qc5+ Ne7 39. Qf2+ Qf5
40. Kg1 Ng6 41. Qd2 Ke7 42. Qh6 Nxe5 43. Qg7+ Kd6 44. c5+ Kd5 45. Qxc7 Qe4 46.
Qd6+ Kc4 47. Qd2 Qd4+ 48. Qxd4+ Kxd4 49. Kf2 Nc4 50. Kg3 Ne3 51. h4 gxh3 52.
gxh3 e5 53. h4 Nf5+ 54. Kf2 Nxh4 55. Ke2 e4 56. a4 Kc4 57. b5 Kxc5 58. bxa6 Kb6
59. a7 Kxa7 60. Ke3 Ng6 61. Kxe4 Ne7 62. Kd4 Kb6 63. Kc4 Ka5 64. Kb3 Nd5 65.
Kc4 Kxa4 66. Kc5 Ne7 67. Kc4 Ka3 68. Kc3 Nd5+ 69. Kc4 Ka4 70. Kc5 Ne7 71. Kc4
Ka5 72. Kc5 Ka6 73. Kb4 Kb6 74. Kc4 c5 75. Kb3 Kb5 76. Kc3 Nd5+ 77. Kb3 c4+ 78.
Kc2 Kb4 79. Kb2 c3+ 80. Kc2 Kc4 81. Kc1 Kb3 82. Kb1 c2+ 83. Kc1 Ne3 84. Kd2 Kb2
0-1

[Event "XXXIII Memorial Edoardo Crespi B"]
[Site "Milano ITA"]
[Date "2012.12.06"]
[Round "2"]
[White "Romagnoli, Thomas"]
[Black "Botta, Massimiliano"]
[WhiteElo "1709"]
[BlackElo "1653"]
[Result "1/2-1/2"]
[PlyCount "73"]
[EventDate "2012.12.05"]

1. e4 c5 2. Nf3 d6 3. d4 cxd4 4. Nxd4 Nf6 5. Nc3 g6 6. Be3 Bg7 7. Bc4 Nc6 8. f3
Bd7 9. Qd2 O-O 10. Rd1 Ne5 11. Bb3 Qa5 12. Bh6 Rfc8 13. Bxg7 Kxg7 14. Nd5 Qxd2+
15. Rxd2 Nxd5 16. Bxd5 Bc6 17. Nxc6 Nxc6 18. O-O Rc7 19. Rfd1 Rac8 20. c3 a5
21. Kf2 g5 22. Ke3 Ne5 23. Kf2 a4 24. a3 Nc4 25. Bxc4 Rxc4 26. Rd4 f6 27. Ke3
Kf7 28. Rxc4 Rxc4 29. Rd4 Rxd4 30. Kxd4 Ke6 31. c4 Kd7 32. c5 Kc6 33. cxd6 exd6
34. Kc4 b5+ 35. Kb4 Kb6 36. g4 h6 37. h3 1/2-1/2

[Event "XXXIII Memorial Edoardo Crespi B"]
[Site "Milano ITA"]
[Date "2012.12.06"]
[Round "2"]
[White "Ruggeri, Igor"]
[Black "Condorelli, Roberto"]
[WhiteElo "1588"]
[BlackElo "1725"]
[Result "1-0"]
[PlyCount "81"]
[EventDate "2012.12.05"]

1. d4 Nf6 2. c4 e6 3. Nf3 b6 4. g3 Ba6 5. Qc2 c5 6. Bg2 Bb7 7. e3 Be7 8. Nc3
O-O 9. O-O d5 10. Ne5 Nfd7 11. cxd5 Nxe5 12. dxe5 exd5 13. Rd1 Nc6 14. Nxd5 Qb8
15. Nxe7+ Nxe7 16. Bxb7 Qxb7 17. e4 Nc6 18. Bf4 Nd4 19. Qd3 Rfe8 20. b4 Rac8
21. bxc5 bxc5 22. Rab1 Qc6 23. Rb2 Rb8 24. Rdb1 Rb6 25. f3 h6 26. Kf2 Reb8 27.
Rxb6 Rxb6 28. Be3 Rxb1 29. Qxb1 Qb6 30. Qxb6 axb6 31. Bxd4 cxd4 32. Ke2 Kf8 33.
Kd3 Ke7 34. Kxd4 Ke6 35. f4 g6 36. a4 Kd7 37. Kd5 h5 38. h4 Kc7 39. f5 Kd7 40.
f6 Ke8 41. Kc6 1-0

[Event "XXXIII Memorial Edoardo Crespi B"]
[Site "Milano ITA"]
[Date "2012.12.06"]
[Round "2"]
[White "Tannoia, Rocco"]
[Black "Torelli, Mauro"]
[WhiteElo "1665"]
[BlackElo "1728"]
[Result "1/2-1/2"]
[PlyCount "59"]
[EventDate "2012.12.05"]

1. e4 g6 2. Bc4 Bg7 3. Nf3 e6 4. Nc3 a6 5. a3 b5 6. Ba2 Bb7 7. d3 d6 8. Bd2 Nd7
9. Rb1 Ne7 10. O-O O-O 11. Qe1 Re8 12. Ne2 d5 13. Ng3 c5 14. exd5 exd5 15. Qd1
c4 16. Re1 Qc7 17. d4 Nc6 18. c3 Nf6 19. Rxe8+ Rxe8 20. Qf1 Ne4 21. Re1 Ne7 22.
Bb1 f5 23. Re2 Nxd2 24. Nxd2 f4 25. Nh1 Bc8 26. Qe1 Kf8 27. Nf3 Bg4 28. h3 Bxf3
29. gxf3 Qd7 30. Kh2 1/2-1/2

[Event "XXXIII Memorial Edoardo Crespi B"]
[Site "Milano ITA"]
[Date "2012.12.06"]
[Round "2"]
[White "Trent, Alan M."]
[Black "Priori, Gabriele"]
[WhiteElo "1706"]
[BlackElo "1608"]
[Result "1-0"]
[PlyCount "80"]
[EventDate "2012.12.05"]

1. e4 c5 2. Nc3 d6 3. f4 Nf6 4. Nf3 Nc6 5. Bc4 e6 6. d3 d5 7. exd5 exd5 8. Bb5
Be7 9. O-O O-O 10. Bxc6 bxc6 11. Ne5 Qc7 12. Bd2 Bd6 13. Qe1 Ng4 14. Nxg4 Bxg4
15. Qh4 f5 16. Rae1 Rae8 17. h3 Be7 18. Rxe7 Rxe7 19. hxg4 d4 20. Na4 Qd6 21.
a3 Re2 22. Rf2 Rfe8 23. gxf5 Qd5 24. Qg4 Rxf2 25. Kxf2 Rf8 26. b3 Rxf5 27. Nb2
h6 28. Nc4 Rh5 29. Ne5 Rh1 30. Ng6 Qf7 31. Qc8+ Kh7 32. f5 Qg8 33. Qxc6 Rh5 34.
Nf4 Rg5 35. Qxc5 Qf7 36. Qxd4 Rxf5 37. Kg1 g5 38. g4 Rxf4 39. Bxf4 gxf4 40.
Qe4+ Kg8 1-0

[Event "XXXIII Memorial Edoardo Crespi B"]
[Site "Milano ITA"]
[Date "2012.12.06"]
[Round "2"]
[White "Verderame, Alberto"]
[Black "Lipari, Alberto"]
[WhiteElo "1421"]
[BlackElo "1604"]
[Result "0-1"]
[PlyCount "118"]
[EventDate "2012.12.05"]

1. d4 g6 2. c3 Bg7 3. e3 Nf6 4. Bd3 d6 5. Nd2 O-O 6. Ngf3 Nc6 7. b3 Re8 8. O-O
e5 9. e4 exd4 10. cxd4 Bg4 11. Qc2 Nb4 12. Qc3 c5 13. Bb1 Bxf3 14. Nxf3 Nxe4
15. Bxe4 Rxe4 16. Be3 Nd5 17. Qd3 Nxe3 18. fxe3 Qe7 19. Rae1 Re8 20. dxc5 dxc5
21. h4 Rxe3 22. Rxe3 Qxe3+ 23. Qxe3 Rxe3 24. Ng5 f5 25. h5 Bd4 26. Kh1 Rg3 27.
Nh3 Be3 28. Rd1 Bd4 29. hxg6 hxg6 30. Re1 Kf7 31. Kh2 Rg4 32. Kh1 Kf6 33. Re8
Re4 34. Ra8 Re1+ 35. Kh2 Be5+ 36. g3 Re2+ 37. Kg1 Rxa2 38. Nf2 Bxg3 39. Nd3 b6
40. Rc8 Rd2 41. Rd8 b5 42. Rd5 Ke6 43. Rxc5 Rxd3 44. Rxb5 Bd6 45. Kf1 g5 46.
Ke2 Rd5 47. Rb7 Bc5 48. b4 Bb6 49. Rb8 f4 50. Re8+ Kf5 51. Kf3 Rd3+ 52. Ke2
Re3+ 53. Rxe3 Bxe3 54. b5 g4 55. b6 axb6 56. Kf1 b5 57. Ke2 b4 58. Kd3 g3 59.
Kc4 g2 0-1

[Event "XXXIII Memorial Edoardo Crespi B"]
[Site "Milano ITA"]
[Date "2012.12.07"]
[Round "3"]
[White "Alidosi, Marco"]
[Black "Viotti, Alberto"]
[WhiteElo "1785"]
[BlackElo "1588"]
[Result "1-0"]
[PlyCount "35"]
[EventDate "2012.12.05"]

1. d4 Nf6 2. c4 e6 3. Nc3 Bb4 4. Qc2 c5 5. a3 Bxc3+ 6. bxc3 b6 7. e4 d6 8. Bd3
e5 9. Ne2 Nbd7 10. O-O O-O 11. Bg5 h6 12. Bd2 Bb7 13. Ng3 Re8 14. Qc1 Nh7 15.
Nf5 Qf6 16. f4 Ndf8 17. fxe5 dxe5 18. Nxh6+ 1-0

[Event "XXXIII Memorial Edoardo Crespi B"]
[Site "Milano ITA"]
[Date "2012.12.07"]
[Round "3"]
[White "Aloe, Giancarlo"]
[Black "Grudina, Marco"]
[WhiteElo "1666"]
[BlackElo "1796"]
[Result "0-1"]
[PlyCount "148"]
[EventDate "2012.12.05"]

1. d4 d5 2. Nf3 Nf6 3. c4 c6 4. g3 Bg4 5. Bg2 e6 6. O-O Be7 7. b3 Nbd7 8. Bb2
O-O 9. Nbd2 h6 10. Ne5 Bf5 11. Ndf3 Rc8 12. e3 Be4 13. Qe2 Bxf3 14. Bxf3 Bd6
15. Rfd1 Qc7 16. Nd3 b6 17. Rac1 Qb8 18. Bg2 Rfe8 19. cxd5 cxd5 20. f4 Rxc1 21.
Rxc1 Rc8 22. Ne5 Rxc1+ 23. Bxc1 Qc8 24. Bb2 Nb8 25. e4 dxe4 26. Bxe4 Nxe4 27.
Qxe4 Nd7 28. Nc6 Qa6 29. a4 Nf6 30. Qf3 Nd5 31. f5 Qb7 32. Ne5 Bxe5 33. dxe5
exf5 34. Qxf5 Ne3 35. Qf2 Nd1 36. Qd4 Nxb2 37. Qxb2 Qd5 38. Qc3 Kf8 39. Kf2 Ke7
40. Ke3 Ke6 41. Qc8+ Kxe5 42. Qc7+ Kf6 43. Qf4+ Kg6 44. Qe4+ Qxe4+ 45. Kxe4 f5+
46. Kd5 Kg5 47. Kc6 Kg4 48. Kb7 Kh3 49. Kxa7 Kxh2 50. Kxb6 Kxg3 51. a5 f4 52.
a6 f3 53. a7 f2 54. a8=Q f1=Q 55. Qb8+ Qf4 56. Qc7 g5 57. b4 Kf3 58. b5 g4 59.
Qc6+ Ke2 60. Qg2+ Qf2+ 61. Qxf2+ Kxf2 62. Kc6 g3 63. b6 g2 64. b7 g1=Q 65. b8=Q
Qc1+ 66. Kd5 Qd2+ 67. Ke4 Qe3+ 68. Kf5 Qg5+ 69. Ke4 Qg4+ 70. Kd3 Qf3+ 71. Kc4
h5 72. Qb2+ Qe2+ 73. Qxe2+ Kxe2 74. Kd4 h4 0-1

[Event "XXXIII Memorial Edoardo Crespi B"]
[Site "Milano ITA"]
[Date "2012.12.07"]
[Round "3"]
[White "Anguilla, Alfonso"]
[Black "D'Aste, Federico"]
[WhiteElo "1660"]
[BlackElo "1501"]
[Result "1/2-1/2"]
[PlyCount "71"]
[EventDate "2012.12.05"]

1. e4 d5 2. exd5 Nf6 3. d4 Bg4 4. Be2 Bxe2 5. Qxe2 Qxd5 6. Nf3 Nc6 7. Nc3 Qf5
8. a3 O-O-O 9. Be3 Nd5 10. Nxd5 Qxd5 11. O-O e6 12. c4 Qe4 13. Rfd1 Be7 14. b4
Bf6 15. Qd2 e5 16. Qd3 Qxd3 17. Rxd3 Nxd4 18. Nxd4 exd4 19. Bf4 Rhe8 20. Kf1
Re4 21. Bg3 Rde8 22. f3 Re2 23. Re1 Rxe1+ 24. Bxe1 Re3 25. Rxe3 dxe3 26. Ke2
Bd4 27. Kd3 c5 28. b5 f5 29. Bg3 g5 30. h4 f4 31. Bh2 h6 32. hxg5 hxg5 33. g3
Be5 34. gxf4 gxf4 35. a4 Kd7 36. Ke2 1/2-1/2

[Event "XXXIII Memorial Edoardo Crespi B"]
[Site "Milano ITA"]
[Date "2012.12.07"]
[Round "3"]
[White "Baccarin, Stefano"]
[Black "Bianchi, Paolo"]
[WhiteElo "1701"]
[BlackElo "1676"]
[Result "1/2-1/2"]
[PlyCount "46"]
[EventDate "2012.12.05"]

1. e4 d6 2. c4 Nf6 3. Nc3 e5 4. Nf3 g6 5. Be2 Bg7 6. O-O O-O 7. d3 b6 8. Bg5
Bb7 9. Qd2 Nbd7 10. h4 h5 11. Nh2 Qc8 12. f4 Nh7 13. f5 Nxg5 14. hxg5 Qd8 15.
f6 Nxf6 16. gxf6 Bxf6 17. Qe3 c6 18. Qf3 Bg5 19. g4 hxg4 20. Nxg4 Kg7 21. Kg2
Bc8 22. Rh1 f5 23. exf5 Bxf5 1/2-1/2